Statistics for Best & Worst Reviewed Movies by Franchise #2

Click here to take the quiz!

General Stats

  • This quiz has been taken 746 times
    (334 since last reset)
  • The average score is 11 of 22

Answer Stats

Film UniverseFilm% Correct
AlienAlien
90%
Jurassic ParkJurassic Park
82%
Die HardDie Hard
78%
Wizarding WorldHarry Potter and the Deathly Hallows: Part 2
66%
Mission: ImpossibleMission: Impossible II
66%
TransformersTransformers
61%
Jurassic ParkJurassic World: Dominion
57%
AlienAlien 3
56%
Star TrekStar Trek (2009)
54%
X-MenLogan
46%
The Twilight SagaNew Moon
46%
X-MenX-Men Origins: Wolverine
46%
Mission: ImpossibleMission: Impossible – Fallout
42%
The Twilight SagaEclipse
41%
The Fast SagaFast Five
41%
Wizarding WorldFantastic Beasts: The Secrets of Dumbledore
39%
The Fast Saga2 Fast 2 Furious
37%
Planet of the ApesWar for the Planet of the Apes
33%
Die HardA Good Day to Die Hard
31%
TransformersTransformers: The Last Knight
29%
Star TrekStar Trek V: The Final Frontier
26%
Planet of the ApesBattle for the Planet of the Apes
14%

Score Distribution

Percentile by Number Answered

Percent of People with Each Score

Your Score History

You have not taken this quiz since the last reset